| Tag |
First Indicator |
Second Indicator |
Subfields |
| LEADER |
00000cam a2200000 a 4500 |
| 001 |
in00001404588 |
| 005 |
20151020062026.0 |
| 008 |
970313s1997 ctu b 001 0 eng |
| 010 |
|
|
|a 97011080
|
| 020 |
|
|
|a 0275957527 (alk. paper)
|
| 035 |
|
|
|a (OCoLC)36566015
|
| 035 |
|
|
|9 AHP0548AM
|
| 040 |
|
|
|a DLC
|c DLC
|d TXA
|d UtOrBLW
|
| 043 |
|
|
|a n-us---
|
| 049 |
|
|
|a TXAM
|
| 050 |
0 |
0 |
|a LC4091
|b .L47 1997
|
| 082 |
0 |
0 |
|a 371.822
|2 21
|
| 100 |
1 |
|
|a LePage-Lees, Pamela.
|
| 245 |
1 |
0 |
|a From disadvantaged girls to successful women :
|b education and women's resiliency /
|c Pamela LePage-Lees.
|
| 264 |
|
1 |
|a Westport, Conn. :
|b Praeger,
|c 1997.
|
| 300 |
|
|
|a 170 pages ;
|c 24 cm.
|
| 336 |
|
|
|a text
|b txt
|2 rdacontent
|
| 337 |
|
|
|a unmediated
|b n
|2 rdamedia
|
| 338 |
|
|
|a volume
|b nc
|2 rdacarrier
|
| 504 |
|
|
|a Includes bibliographical references (pages [161]-166) and index.
|
| 650 |
|
0 |
|a Women with social disabilities
|x Education
|z United States
|x Case studies.
|
| 948 |
|
|
|a c:ce
|
| 999 |
|
|
|a MARS
|
| 999 |
f |
f |
|s d70f4bf7-4118-3471-910c-5c0cdc73fd58
|i 9e6c0c29-1ae4-365e-96c1-f7b25366c7ae
|t 0
|
| 952 |
f |
f |
|p normal
|a Texas A&M University
|b College Station
|c Sterling C. Evans Library
|d Evans: Library Stacks
|t 0
|e LC4091 .L47 1997
|h Library of Congress classification
|i unmediated -- volume
|m A14822401669
|
| 998 |
f |
f |
|a LC4091 .L47 1997
|t 0
|l Evans: Library Stacks
|